| 000 | 00648cam a22002413a 4500 | ||
|---|---|---|---|
| 001 | 23008 | ||
| 003 | PGUSA | ||
| 005 | 20140828083505.0 | ||
| 008 | 071012s2007||||xxu|||||s|||||000 1 eng d | ||
| 040 |
_aPGUSA _beng |
||
| 042 | _adc | ||
| 050 | 4 | _aPR | |
| 100 | 1 |
_aHarris, Frank, _d1856-1931 |
|
| 245 | 1 | 4 |
_aThe Sheriff And His Partner _h[electronic resource] / _cFrank Harris |
| 260 |
_bProject Gutenberg, _c2007 |
||
| 506 | _aPublic domain in the USA. | ||
| 516 | _aElectronic text | ||
| 653 | _aShort stories | ||
| 653 | _aFiction | ||
| 830 | 0 |
_aProject Gutenberg _v23008 |
|
| 856 | 4 | 0 | _uhttp://www.gutenberg.org/ebooks/23008 |
| 942 | _cEB | ||
| 999 |
_c252263 _d252263 |
||